Rebelión vegetal y otros poemas menos amargos / (Registro nro. 8114)

Detalles MARC
000 -LEADER
fixed length control field 00758nam a2200253 a 4500
001 - CONTROL NUMBER
control field 000009123
003 - CONTROL NUMBER IDENTIFIER
control field DO-SdBNP
005 - DATE AND TIME OF LATEST TRANSACTION
control field 20170927081831.0
007 - PHYSICAL DESCRIPTION FIXED FIELD--GENERAL INFORMATION
fixed length control field 000009123
008 - FIXED-LENGTH DATA ELEMENTS--GENERAL INFORMATION
fixed length control field 090928s1956 ag 000 0 spa d
040 ## - CATALOGING SOURCE
Original cataloging agency BPMSU
Language of cataloging spa
Transcribing agency BPMSU
049 ## - LOCAL HOLDINGS (OCLC)
Holding library
082 ## - DEWEY DECIMAL CLASSIFICATION NUMBER
Classification number RD861.44
Item number I37r
100 1# - MAIN ENTRY--PERSONAL NAME
Personal name Inchaustegui Cabral, Héctor,
Dates associated with a name 1912-1979
245 10 - TITLE STATEMENT
Title Rebelión vegetal y otros poemas menos amargos /
Statement of responsibility, etc. Héctor Inchaustegui Cabral.
260 ## - PUBLICATION, DISTRIBUTION, ETC. (IMPRINT)
Place of publication, distribution, etc. Buenos Aires :
Name of publisher, distributor, etc. Américalee,
Date of publication, distribution, etc. 1956.
300 ## - PHYSICAL DESCRIPTION
Extent 117 p. ;
Dimensions 25 cm.
650 #4 - SUBJECT ADDED ENTRY--TOPICAL TERM
Topical term or geographic name as entry element POESÍA DOMINICANA
650 #4 - SUBJECT ADDED ENTRY--TOPICAL TERM
Topical term or geographic name as entry element LITERATURA DOMINICANA
910 ## - USER-OPTION DATA (OCLC)
User-option data Validado. Control de calidad BNPHU
942 ## - ADDED ENTRY ELEMENTS (KOHA)
Source of classification or shelving scheme Dewey Decimal Classification
Koha item type Libros
945 ## - LOCAL PROCESSING INFORMATION (OCLC)
a Inventariado / 2017 VM
956 ## - LOCAL ELECTRONIC LOCATION AND ACCESS (OCLC)
Host name VMATEO
Access number 10
Compression information 20150806
Logon BPMSU
Processor of request 00151
Existencias
Withdrawn status Lost status Source of classification or shelving scheme Damaged status Not for loan Collection code Home library Current library Date acquired Total Checkouts Full call number Barcode Date last seen Price effective from Koha item type Copy number
    Dewey Decimal Classification     Colección Dominicana Biblioteca Pública Metropolitana Salomé Ureña Biblioteca Pública Metropolitana Salomé Ureña 08/07/2015   RD861.44 I37r BPMSU15080204 08/07/2015 08/07/2015 Libros  
    Dewey Decimal Classification     Colección Dominicana Biblioteca Pública Metropolitana Salomé Ureña Biblioteca Pública Metropolitana Salomé Ureña 08/07/2015   RD861.44 I37r BPMSU15080205 08/07/2015 08/07/2015 Libros e. 2
    Dewey Decimal Classification     Colección Dominicana Biblioteca Pública Metropolitana Salomé Ureña Biblioteca Pública Metropolitana Salomé Ureña 08/07/2015   RD861.44 I37r BPMSU15080206 08/07/2015 08/07/2015 Libros e. 3